000 00794nam a2200253Ia 4500
003 OSt
005 20220918170849.0
006 a|||||r|||| 00| 0
007 ta
008 220917b |||||||| |||| 00| 0 eng d
020 _a9780748635887 (pbk)
_c1593.80
024 _a250,467
037 _b28285, 31/08/2009, Segment Book Distributors
_cTextual
040 _aARTS
_cARTS
_beng
041 _2eng
_aeng
082 _aP28:75, 111P9
100 _aLahlali El Mustapha
_927526
245 0 _aHow to wirte in Arabic
260 _aEdinburgh
_bEdinburgh University Press
_c2009
300 _a185p.
_ccm.
650 _aARABIC LANGUAGE
_931794
942 _hP28:75, 111P9
_cTEXL
_2CC
999 _c136313
_d136313